[Event "Commonwealth-ch U20"]
[Site "New Delhi"]
[Date "2019.07.01"]
[Round "1.3"]
[White "McKenzie, Lionel Joseph"]
[Black "Dushyant, Sharma"]
[Result "1/2-1/2"]
[WhiteElo "1596"]
[BlackElo "2168"]
[PlyCount "211"]
[EventDate "2019.07.01"]
[EventType "swiss"]
[EventRounds "7"]
[EventCountry "IND"]
[SourceTitle "EXT 2024"]
[Source "ChessBase"]
[SourceDate "2023.10.10"]
[SourceVersion "1"]
[SourceVersionDate "2023.10.10"]
[SourceQuality "1"]

1. d4 Nf6 2. c4 e6 3. g3 d5 4. Nf3 Be7 5. Bg2 0-0 6. 0-0 dxc4 7. Qc2 c5 8. Qxc4 Nc6 9. dxc5 e5 10. Nc3 Be6 11. Qb5 Qc7 12. Ng5 Bf5 13. Be3 Rad8 14. Rfd1 Ng4 15. Nge4 Nxe3 16. fxe3 Be6 17. Nd6 Bxd6 18. Rxd6 Rxd6 19. cxd6 Qxd6 20. Qxb7 Na5 21. Qxa7 Qb4 22. Rd1 Nc4 23. Bd5 Nxb2 24. Rc1 Bxd5 25. Nxd5 Qd2 26. Qc5 Rd8 27. Rc2 Qe1+ 28. Kg2 Nd1 29. e4 h6 30. a4 Kh7 31. Qa7 Rf8 32. a5 f5 33. Qc5 Rf7 34. Qg1 Qxa5 35. Qxd1 fxe4 36. Nc3 Qb4 37. Qd5 Rc7 38. Qxe5 Qc4 39. Qf5+ Kg8 40. Qa5 Rc5 41. Qa8+ Kh7 42. Qd5 Rc7 43. Qf5+ Kg8 44. Qa5 Rc5 45. Qa8+ Kh7 46. Qf8 Qd4 47. Qf2 e3 48. Qe1 Kh8 49. Qb1 Rxc3 50. Rxc3 Qxc3 51. Qe4 Qc5 52. Qe8+ Kh7 53. Qe4+ Kg8 54. Qe8+ Kh7 55. Kf3 Qc1 56. Qe4+ Kh8 57. Qe8+ Kh7 58. h4 Qf1+ 59. Kxe3 Qg1+ 60. Kf3 Qf1+ 61. Ke3 Qg1+ 62. Kf3 Qf1+ 63. Kg4 Qb1 64. Qe5 Kh8 65. Qe8+ Kh7 66. Qe5 Kh8 67. Qd5 Qf1 68. Qf3 Qc1 69. Qf8+ Kh7 70. Qf4 Qd1 71. Qf3 Qc1 72. Qf5+ Kh8 73. Qf4 Qd1 74. Kf3 Qf1+ 75. Ke3 Qg1+ 76. Kd2 Qa1 77. e4 Qb2+ 78. Kd3 Qb3+ 79. Kd4 Qb4+ 80. Kd5 Qb5+ 81. Ke6 Qc6+ 82. Ke7 Qb7+ 83. Kd8 Qa8+ 84. Kc7 Qa7+ 85. Kc8 Qa8+ 86. Kd7 Qb7+ 87. Ke6 Qc6+ 88. Kf5 Qc8+ 89. Ke5 Qc5+ 90. Ke6 Qc6+ 91. Ke7 Qb7+ 92. Kd6 Qb6+ 93. Kd5 Qb5+ 94. Kd4 Qb4+ 95. Kd3 Qb3+ 96. Ke2 Qc2+ 97. Kf3 Qd1+ 98. Kg2 Qe2+ 99. Kh3 Qe1 100. e5 Qh1+ 101. Kg4 Qd1+ 102. Qf3 Qd7+ 103. Kf4 Qf7+ 104. Ke4 Qb7+ 105. Ke3 Qa7+ 106. Ke4 1/2-1/2